|
|
|
|
| LEADER |
00000cam a2200000 7i4500 |
| 001 |
0000006095 |
| 002 |
000006585 |
| 005 |
20000330.0 |
| 020 |
|
|
|a 967652073X
|
| 090 |
0 |
0 |
|a 574
|b TAN
|
| 100 |
0 |
|
|a Tan Seng Wah
|
| 245 |
1 |
0 |
|a Fokus peperiksaan KBSM :
|b biologi SPM tingkatan 4 dan 5
|c Tan Seng Wah
|
| 260 |
|
|
|a K.Lumpur :
|b Penerbit Fajar Bakti Sdn Bhd ,
|c 1993
|
| 300 |
|
|
|a 280p. ;
|c 26cm.
|
| 490 |
0 |
|
|a Siri fokkus pemeriksaan Fajar Bakti
|
| 650 |
0 |
0 |
|a Biologi
|x SPM
|
| 999 |
|
|
|a 038234
|b BUKU
|c RUJUKAN
|e PERPUSTAKAAN KOMUNITI PETALING JAYA
|
| 999 |
|
|
|a 038235
|b BUKU
|c RUJUKAN
|e PERPUSTAKAAN KOMUNITI PETALING JAYA
|
| 999 |
|
|
|a 0388235
|b BUKU
|c RUJUKAN ULANGKAJI
|e PERPUSTAKAAN KOMUNITI PETALING JAYA
|